000 00320nam a2200133Ia 4500
005 20260328101506.0
008 260328s9999||||xx |||||||||||||| ||und||
100 _aNasi, Vicente
245 0 _aVicente Nasi :
_b Arquitectura /
_cVicente Nasi
260 _bEscala
300 _a241 p.
650 _aARQUITECTOS
942 _cBK
999 _c9033
_d9033